000 00835nam a2200229 a 4500
001 47454
003 BD-RjUL
005 20211209054322.0
008 160808s2012 bg ||||| |||| 00| 0 ben d
020 _a9789844413500 :
_c: Tk. 300.00
035 _a(BD-RjUL)47573
040 _aBD-RjUL
_bben
_cBD-RjUL
_dBD-RjUL
041 _aben
082 _a507
_bPAB 2012
_223
100 _aপাল, নিশীথ কুমার
_9119563
245 1 0 _aবিজ্ঞান বিচিন্তা /
_cনিশীথ কুমার পাল
260 _aঢাকা :
_bঅনিন্দ্য প্রকাশ,
_c২০১২.
300 _a২২৪ পৃ. ;
_c২১ সেমি.
650 _aবিজ্ঞান
_xপঠণ ও শিক্ষণ
_9144312
650 _aScience
_xStudy and teaching
_9144313
942 _2ddc
_cBK
999 _c47454
_d47454